Miasta Polski według dwóch ostatnich liter - Statystyki

Ogólne statystyki
  • Ten quiz został rozwiązany 6 864 razy
    3 917 od ostatniego zresetowania
  • Średni wynik to 779 z 1026
Odpowiedzi na mapie
Odpowiedzi zakodowano w zielono-czerwonej skali na mapie do tego quizu, zgodnie z poniższymi procentami.
 
Statystyki odpowiedzi
Województwo Miasto % Poprawnych
Dolnośląskie Bielawa
98%
Podkarpackie Błażowa
98%
Małopolskie Bobowa
98%
Lubelskie Bychawa
98%
Śląskie Częstochowa
98%
Kujawsko-pomorskie Gąsawa
98%
Warmińsko-mazurskie Iława
98%
Lubuskie Iłowa
98%
Lubuskie Kargowa
98%
Wielkopolskie Kłodawa
98%
Podkarpackie Kolbuszowa
98%
Małopolskie Limanowa
98%
Warmińsko-mazurskie Lubawa
98%
Mazowieckie Mława
98%
Kujawsko-pomorskie Nieszawa
98%
Dolnośląskie Oława
98%
Mazowieckie Pilawa
98%
Lubelskie Poniatowa
98%
Dolnośląskie Ścinawa
98%
Podkarpackie Sieniawa
98%
Lubuskie Sława
98%
Dolnośląskie Świerzawa
98%
Lubuskie Szlichtyngowa
98%
Lubuskie Szprotawa
98%
Mazowieckie Warszawa
98%
Lubelskie Włodawa
98%
Świętokrzyskie Włoszczowa
98%
Lubuskie Wschowa
98%
Małopolskie Andrychów
93%
Podlaskie Augustów
93%
Opolskie Baborów
93%
Łódzkie Bełchatów
93%
Łódzkie Białaczów
93%
Dolnośląskie Bierutów
93%
Mazowieckie Bodzanów
93%
Łódzkie Bolimów
93%
Dolnośląskie Bolków
93%
Mazowieckie Brwinów
93%
Podkarpackie Brzozów
93%
Pomorskie Bytów
93%
Mazowieckie Cegłów
93%
Dolnośląskie Chocianów
93%
Dolnośląskie Chojnów
93%
Śląskie Chorzów
93%
Małopolskie Chrzanów
93%
Mazowieckie Ciechanów
93%
Mazowieckie Ciepielów
93%
Podkarpackie Cieszanów
93%
Świętokrzyskie Ćmielów
93%
Wielkopolskie Czarnków
93%
Małopolskie Czchów
93%
Pomorskie Człuchów
93%
Podkarpackie Dynów
93%
Dolnośląskie Dzierżoniów
93%
Zachodniopomorskie Dziwnów
93%
Mazowieckie Gielniów
93%
Dolnośląskie Głogów
93%
Mazowieckie Głowaczów
93%
Zachodniopomorskie Goleniów
93%
Świętokrzyskie Gowarczów
93%
Łódzkie Grabów
93%
Opolskie Grodków
93%
Małopolskie Grybów
93%
Mazowieckie Halinów
93%
Lubelskie Hrubieszów
93%
Mazowieckie Jadów
93%
Śląskie Janów
93%
Świętokrzyskie Jędrzejów
93%
Łódzkie Jeżów
93%
Małopolskie Jordanów
93%
Lubelskie | Mazowieckie Józefów
93%
Mazowieckie Kazanów
93%
Świętokrzyskie Klimontów
93%
Śląskie Knurów
93%
Opolskie Korfantów
93%
Lubuskie Kożuchów
93%
Małopolskie Kraków
93%
Świętokrzyskie Kunów
93%
Lubelskie Kurów
93%
Świętokrzyskie Łagów
93%
Lubelskie Łaszczów
93%
Mazowieckie Łochów
93%
Podkarpackie Lubaczów
93%
Lubelskie Lubartów
93%
Lubelskie Łuków
93%
Łódzkie Lututów
93%
Małopolskie Miechów
93%
Dolnośląskie Mieroszów
93%
Śląskie Mikołów
93%
Mazowieckie Mszczonów
93%
Śląskie Myszków
93%
Lubelskie Nałęczów
93%
Opolskie Namysłów
93%
Wielkopolskie Odolanów
93%
Świętokrzyskie Opatów
93%
Łódzkie Osjaków
93%
Wielkopolskie Ostrzeszów
93%
Opolskie Otmuchów
93%
Świętokrzyskie Ożarów
93%
Łódzkie Ozorków
93%
Świętokrzyskie Pacanów
93%
Opolskie Paczków
93%
Mazowieckie Piastów
93%
Świętokrzyskie Piekoszów
93%
Świętokrzyskie Pińczów
93%
Zachodniopomorskie Polanów
93%
Opolskie Prószków
93%
Mazowieckie Pruszków
93%
Dolnośląskie Przemków
93%
Śląskie Przyrów
93%
Śląskie Pszów
93%
Dolnośląskie Radków
93%
Małopolskie Radłów
93%
Kujawsko-pomorskie Radziejów
93%
Śląskie Radzionków
93%
Wielkopolskie Raszków
93%
Podkarpackie Rymanów
93%
Podkarpackie Rzeszów
93%
Łódzkie Rzgów
93%
Świętokrzyskie Sędziszów
93%
Zachodniopomorskie Sianów
93%
Wielkopolskie Sieraków
93%
Śląskie Skoczów
93%
Śląskie Sławków
93%
Świętokrzyskie Sobków
93%
Mazowieckie Stanisławów
93%
Świętokrzyskie Stąporków
93%
Świętokrzyskie Staszów
93%
Łódzkie Stryków
93%
Podkarpackie Strzyżów
93%
Świętokrzyskie Suchedniów
93%
Lubuskie Sulechów
93%
Łódzkie Sulejów
93%
Dolnośląskie Syców
93%
Świętokrzyskie Szydłów
93%
Małopolskie Tarnów
93%
Zachodniopomorskie Trzebiatów
93%
Małopolskie Tuchów
93%
Wielkopolskie Tuliszków
93%
Podkarpackie Ulanów
93%
Łódzkie Uniejów
93%
Lubelskie Urzędów
93%
Podlaskie Wasilków
93%
Mazowieckie Węgrów
93%
Dolnośląskie Wiązów
93%
Łódzkie Wieruszów
93%
Dolnośląskie Wojcieszów
93%
Dolnośląskie Wołów
93%
Mazowieckie Wyszków
93%
Podlaskie Zabłudów
93%
Wielkopolskie Zagórów
93%
Podkarpackie Zaklików
93%
Podlaskie Zambrów
93%
Łódzkie Żarnów
93%
Dolnośląskie Żarów
93%
Dolnośląskie Zawidów
93%
Mazowieckie Żelechów
93%
Łódzkie Zelów
93%
Wielkopolskie Żerków
93%
Wielkopolskie Złotów
93%
Mazowieckie Żyrardów
93%
Kujawsko-pomorskie Barcin
91%
Śląskie Będzin
91%
Wielkopolskie Czempiń
91%
Lubelskie Dęblin
91%
Mazowieckie Drobin
91%
Mazowieckie Gąbin
91%
Mazowieckie Garwolin
91%
Opolskie Gogolin
91%
Mazowieckie Gostynin
91%
Lubuskie Gubin
91%
Śląskie Imielin
91%
Wielkopolskie Jarocin
91%
Wielkopolskie Jutrosin
91%
Wielkopolskie Kobylin
91%
Wielkopolskie Konin
91%
Zachodniopomorskie Koszalin
91%
Wielkopolskie Krzywiń
91%
Kujawsko-pomorskie Łasin
91%
Dolnośląskie Lubin
91%
Lubelskie Lublin
91%
Wielkopolskie Margonin
91%
Opolskie Niemodlin
91%
Pomorskie Pelplin
91%
Śląskie Radlin
91%
Mazowieckie Radzymin
91%
Kujawsko-pomorskie Rypin
91%
Lubuskie Rzepin
91%
Wielkopolskie Ślesin
91%
Mazowieckie Sochocin
91%
Dolnośląskie Strzelin
91%
Lubuskie Sulęcin
91%
Zachodniopomorskie Świdwin
91%
Lubuskie Świebodzin
91%
Wielkopolskie Szamocin
91%
Zachodniopomorskie Szczecin
91%
Małopolskie Szczucin
91%
Kujawsko-pomorskie Szubin
91%
Lubelskie Turobin
91%
Podlaskie Tykocin
91%
Zachodniopomorskie Wolin
91%
Mazowieckie Wołomin
91%
Kujawsko-pomorskie Żnin
91%
Mazowieckie Żuromin
91%
Łódzkie Żychlin
91%
Podlaskie Brańsk
89%
Pomorskie Czersk
89%
Lubuskie Czerwieńsk
89%
Wielkopolskie Dolsk
89%
Pomorskie Gdańsk
89%
Łódzkie Kamieńsk
89%
Łódzkie Łask
89%
Podkarpackie Leżajsk
89%
Podlaskie Lipsk
89%
Łódzkie Lutomiersk
89%
Dolnośląskie Mirsk
89%
Mazowieckie Nasielsk
89%
Dolnośląskie Pieńsk
89%
Mazowieckie Płońsk
89%
Podkarpackie Przeworsk
89%
Mazowieckie Pułtusk
89%
Pomorskie Słupsk
89%
Wielkopolskie Wyrzysk
89%
Warmińsko-mazurskie Bartoszyce
88%
Zachodniopomorskie Barwice
88%
Lubelskie Bełżyce
88%
Zachodniopomorskie Bobolice
88%
Dolnośląskie Boguszów-Gorce
88%
Opolskie Branice
88%
Pomorskie Chojnice
88%
Małopolskie Ciężkowice
88%
Śląskie Czechowice-Dziedzice
88%
Łódzkie Dąbrowice
88%
Świętokrzyskie Daleszyce
88%
Małopolskie Dobczyce
88%
Świętokrzyskie Działoszyce
88%
Śląskie Gliwice
88%
Opolskie Głubczyce
88%
Małopolskie Gorlice
88%
Zachodniopomorskie Gryfice
88%
Dolnośląskie Jelcz-Laskowice
88%
Śląskie Katowice
88%
Pomorskie Kępice
88%
Świętokrzyskie Kielce
88%
Warmińsko-mazurskie Kisielice
88%
Podkarpackie Kołaczyce
88%
Wielkopolskie Kościan
88%
Małopolskie Koszyce
88%
Mazowieckie Kozienice
88%
Opolskie Krapkowice
88%
Łódzkie Krośniewice
88%
Śląskie Krzanowice
88%
Śląskie Krzepice
88%
Małopolskie Krzeszowice
88%
Mazowieckie Łosice
88%
Dolnośląskie Lubań
88%
Lubuskie Lubniewice
88%
Mazowieckie Maciejowice
88%
Lubuskie Małomice
88%
Zachodniopomorskie Mieszkowice
88%
Lubelskie Modliborzyce
88%
Małopolskie Myślenice
88%
Śląskie Mysłowice
88%
Małopolskie Niepołomice
88%
Wielkopolskie Nowe Skalmierzyce
88%
Podkarpackie Oleszyce
88%
Łódzkie Pabianice
88%
Zachodniopomorskie Pełczyce
88%
Dolnośląskie Piechowice
88%
Dolnośląskie Pieszyce
88%
Łódzkie Poddębice
88%
Zachodniopomorskie Police
88%
Dolnośląskie Polkowice
88%
Wielkopolskie Poznań
88%
Dolnośląskie Prochowice
88%
Małopolskie Proszowice
88%
Dolnośląskie Prusice
88%
Zachodniopomorskie Pyrzyce
88%
Śląskie Pyskowice
88%
Świętokrzyskie Radoszyce
88%
Wielkopolskie Rakoniewice
88%
Podkarpackie Ropczyce
88%
Mazowieckie Różan
88%
Małopolskie Ryglice
88%
Dolnośląskie Siechnice
88%
Mazowieckie Siedlce
88%
Łódzkie Skierniewice
88%
Lubuskie Słubice
88%
Śląskie Sośnicowice
88%
Świętokrzyskie Starachowice
88%
Zachodniopomorskie Suchań
88%
Małopolskie Sułkowice
88%
Wielkopolskie Sulmierzyce
88%
Dolnośląskie Świebodzice
88%
Śląskie Świętochłowice
88%
Opolskie Tułowice
88%
Lubelskie Tyszowce
88%
Małopolskie Wadowice
88%
Śląskie Wilamowice
88%
Śląskie Włodowice
88%
Śląskie Wojkowice
88%
Mazowieckie Wyśmierzyce
88%
Lubuskie Żagań
88%
Opolskie Zdzieszowice
88%
Dolnośląskie Ziębice
88%
Małopolskie Alwernia
87%
Śląskie Blachownia
87%
Małopolskie Bochnia
87%
Dolnośląskie Bogatynia
87%
Świętokrzyskie Bogoria
87%
Zachodniopomorskie Cedynia
87%
Pomorskie Gdynia
87%
Mazowieckie Góra Kalwaria
87%
Kujawsko-pomorskie Inowrocław
87%
Podkarpackie Jarosław
87%
Pomorskie Jastarnia
87%
Kujawsko-pomorskie Kcynia
87%
Łódzkie Kiernozia
87%
Lubelskie Krasnystaw
87%
Wielkopolskie Krobia
87%
Dolnośląskie Miękinia
87%
Wielkopolskie Miłosław
87%
Kujawsko-pomorskie Nakło nad Notecią
87%
Świętokrzyskie Nowa Słupia
87%
Pomorskie Nowy Staw
87%
Podkarpackie Przecław
87%
Pomorskie Rumia
87%
Małopolskie Trzebinia
87%
Świętokrzyskie Wodzisław
87%
Dolnośląskie Wrocław
87%
Wielkopolskie Września
87%
Małopolskie Biecz
85%
Kujawsko-pomorskie Bydgoszcz
85%
Wielkopolskie Chocz
85%
Kujawsko-pomorskie Chodecz
85%
Podlaskie Choroszcz
85%
Wielkopolskie Gołańcz
85%
Dolnośląskie Karpacz
85%
Mazowieckie Latowicz
85%
Łódzkie Łowicz
85%
Świętokrzyskie Małogoszcz
85%
Lubuskie Międzyrzecz
85%
Dolnośląskie Milicz
85%
Małopolskie Nowy Sącz
85%
Małopolskie Nowy Wiśnicz
85%
Kujawsko-pomorskie Pruszcz
85%
Wielkopolskie Przedecz
85%
Wielkopolskie Rawicz
85%
Zachodniopomorskie Recz
85%
Pomorskie Skórcz
85%
Małopolskie Stary Sącz
85%
Mazowieckie Tłuszcz
85%
Zachodniopomorskie Wałcz
85%
Małopolskie Wojnicz
85%
Kujawsko-pomorskie Aleksandrów Kujawski
84%
Łódzkie Aleksandrów Łódzki
84%
Podkarpackie Baranów Sandomierski
84%
Warmińsko-mazurskie Biała Piska
84%
Lubelskie Biała Podlaska
84%
Łódzkie Biała Rawska
84%
Podlaskie Białystok
84%
Podlaskie Bielsk Podlaski
84%
Łódzkie Błaszki
84%
Kujawsko-pomorskie Bobrowniki
84%
Wielkopolskie Borek Wielkopolski
84%
Mazowieckie Brok
84%
Kujawsko-pomorskie Brześć Kujawski
84%
Dolnośląskie Bystrzyca Kłodzka
84%
Lubuskie Bytom Odrzański
84%
Lubuskie Cybinka
84%
Podlaskie Czarna Białostocka
84%
Lubelskie Czemierniki
84%
Podlaskie Dąbrowa Białostocka
84%
Małopolskie Dąbrowa Tarnowska
84%
Podkarpackie Głogów Małopolski
84%
Opolskie Gorzów Śląski
84%
Lubuskie Gorzów Wielkopolski
84%
Mazowieckie Grodzisk Mazowiecki
84%
Wielkopolskie Grodzisk Wielkopolski
84%
Dolnośląskie Gryfów Śląski
84%
Podlaskie Hajnówka
84%
Świętokrzyskie Iwaniska
84%
Kujawsko-pomorskie Izbica Kujawska
84%
Kujawsko-pomorskie Janowiec Wielkopolski
84%
Lubelskie Janów Lubelski
84%
Lubelskie Janów Podlaski
84%
Podkarpackie Jawornik Polski
84%
Dolnośląskie Jaworzyna Śląska
84%
Zachodniopomorskie Kalisz Pomorski
84%
Małopolskie Kalwaria Zebrzydowska
84%
Dolnośląskie Kamieniec Ząbkowicki
84%
Kujawsko-pomorskie Kamień Krajeński
84%
Zachodniopomorskie Kamień Pomorski
84%
Lubelskie Kamionka
84%
Świętokrzyskie Kazimierza Wielka
84%
Mazowieckie Kobyłka
84%
Łódzkie Koluszki
84%
Łódzkie Konstantynów Łódzki
84%
Mazowieckie Kosów Lacki
84%
Wielkopolskie Koźmin Wielkopolski
84%
Wielkopolskie Krajenka
84%
Pomorskie Krynica Morska
84%
Podlaskie Krynki
84%
Wielkopolskie Krzyż Wielkopolski
84%
Małopolskie Książ Wielki
84%
Wielkopolskie Książ Wielkopolski
84%
Śląskie Kuźnia Raciborska
84%
Opolskie Lewin Brzeski
84%
Warmińsko-mazurskie Lidzbark Warmiński
84%
Mazowieckie Łomianki
84%
Dolnośląskie Lubawka
84%
Kujawsko-pomorskie Lubień Kujawski
84%
Lubelskie Lubycza Królewska
84%
Dolnośląskie Lwówek Śląski
84%
Mazowieckie Maków Mazowiecki
84%
Małopolskie Maków Podhalański
84%
Mazowieckie Marki
84%
Lubelskie Międzyrzec Podlaski
84%
Wielkopolskie Miejska Górka
84%
Warmińsko-mazurskie Mikołajki
84%
Mazowieckie Mińsk Mazowiecki
84%
Podlaskie Mońki
84%
Lubuskie Nowogród Bobrzański
84%
Pomorskie Nowy Dwór Gdański
84%
Mazowieckie Nowy Dwór Mazowiecki
84%
Wielkopolskie Oborniki
84%
Mazowieckie Ostrołęka
84%
Świętokrzyskie Ostrowiec Świętokrzyski
84%
Lubelskie Ostrów Lubelski
84%
Mazowieckie Ostrów Mazowiecka
84%
Wielkopolskie Ostrów Wielkopolski
84%
Mazowieckie Ożarów Mazowiecki
84%
Lubelskie Piaski
84%
Mazowieckie Pionki
84%
Kujawsko-pomorskie Piotrków Kujawski
84%
Łódzkie Piotrków Trybunalski
84%
Wielkopolskie Pobiedziska
84%
Opolskie Praszka
84%
Pomorskie Pruszcz Gdański
84%
Podkarpackie Radomyśl Wielki
84%
Kujawsko-pomorskie Radzyń Chełmiński
84%
Lubelskie Radzyń Podlaski
84%
Łódzkie Rawa Mazowiecka
84%
Śląskie Ruda Śląska
84%
Lubelskie Ryki
84%
Mazowieckie Sanniki
84%
Podkarpackie Sanok
84%
Podkarpackie Sędziszów Małopolski
84%
Wielkopolskie Skoki
84%
Małopolskie Słomniki
84%
Dolnośląskie Sobótka
84%
Podlaskie Sokółka
84%
Podkarpackie Sokołów Małopolski
84%
Mazowieckie Sokołów Podlaski
84%
Kujawsko-pomorskie Solec Kujawski
84%
Dolnośląskie Środa Śląska
84%
Wielkopolskie Środa Wielkopolska
84%
Pomorskie Starogard Gdański
84%
Podlaskie Stawiski
84%
Lubelskie Stoczek Łukowski
84%
Opolskie Strzeleczki
84%
Małopolskie Sucha Beskidzka
84%
Podlaskie Suwałki
84%
Lubelskie Tomaszów Lubelski
84%
Łódzkie Tomaszów Mazowiecki
84%
Wielkopolskie Trzcianka
84%
Pomorskie Ustka
84%
Mazowieckie Warka
84%
Małopolskie Wieliczka
84%
Mazowieckie Wiskitki
84%
Śląskie Wodzisław Śląski
84%
Śląskie Woźniki
84%
Wielkopolskie Wronki
84%
Wielkopolskie Wysoka
84%
Mazowieckie Ząbki
84%
Śląskie Żarki
84%
Mazowieckie Zielonka
84%
Dolnośląskie Złoty Stok
84%
Śląskie Czeladź
83%
Podlaskie Goniądz
83%
Kujawsko-pomorskie Grudziądz
83%
Łódzkie Inowłódz
83%
Łódzkie Łódź
83%
Mazowieckie Lubowidz
83%
Łódzkie Sieradz
83%
Wielkopolskie Swarzędz
83%
Wielkopolskie | Zachodniopomorskie Dobra
82%
Dolnośląskie Góra
82%
Dolnośląskie Jelenia Góra
82%
Dolnośląskie Kamienna Góra
82%
Lubuskie Kostrzyn nad Odrą
82%
Dolnośląskie Twardogóra
82%
Lubuskie Zielona Góra
82%
Warmińsko-mazurskie Barczewo
79%
Opolskie Biała
79%
Śląskie Bielsko-Biała
79%
Podkarpackie Boguchwała
79%
Wielkopolskie Bojanowo
79%
Zachodniopomorskie Borne Sulinowo
79%
Warmińsko-mazurskie Braniewo
79%
Wielkopolskie Czerniejewo
79%
Mazowieckie Czerwińsk nad Wisłą
79%
Zachodniopomorskie Darłowo
79%
Kujawsko-pomorskie Dobrzyń nad Wisłą
79%
Podkarpackie Dukla
79%
Warmińsko-mazurskie Działdowo
79%
Kujawsko-pomorskie Gniewkowo
79%
Zachodniopomorskie Golczewo
79%
Podlaskie Grajewo
79%
Kujawsko-pomorskie Janikowo
79%
Wielkopolskie Jaraczewo
79%
Lubelskie Józefów nad Wisłą
79%
Lubelskie Końskowola
79%
Kujawsko-pomorskie Koronowo
79%
Mazowieckie Legionowo
79%
Zachodniopomorskie Maszewo
79%
Podlaskie Michałowo
79%
Warmińsko-mazurskie Miłakowo
79%
Warmińsko-mazurskie Mrągowo
79%
Wielkopolskie Nekla
79%
Wielkopolskie Piła
79%
Wielkopolskie Pogorzela
79%
Wielkopolskie Puszczykowo
79%
Małopolskie Skała
79%
Mazowieckie Solec nad Wisłą
79%
Podkarpackie Stalowa Wola
79%
Podlaskie Suchowola
79%
Podlaskie Szepietowo
79%
Kujawsko-pomorskie Tuchola
79%
Zachodniopomorskie Tychowo
79%
Warmińsko-mazurskie Węgorzewo
79%
Pomorskie Wejherowo
79%
Wielkopolskie Wielichowo
79%
Śląskie Wisła
79%
Wielkopolskie Witkowo
79%
Pomorskie Władysławowo
79%
Warmińsko-mazurskie Zalewo
79%
Łódzkie Zduńska Wola
79%
Pomorskie Żukowo
79%
Śląskie Bieruń
77%
Mazowieckie Bieżuń
77%
Wielkopolskie Kalisz
77%
Małopolskie Olkusz
77%
Warmińsko-mazurskie Orzysz
77%
Warmińsko-mazurskie Pisz
77%
Mazowieckie Przasnysz
77%
Warmińsko-mazurskie Susz
77%
Kujawsko-pomorskie Toruń
77%
Dolnośląskie Wąsosz
77%
Łódzkie Wieluń
77%
Mazowieckie Chorzele
76%
Opolskie Kędzierzyn-Koźle
76%
Podlaskie Kleszczele
76%
Opolskie Opole
76%
Mazowieckie Błonie
75%
Świętokrzyskie Bodzentyn
75%
Wielkopolskie Budzyń
75%
Małopolskie Bukowno
75%
Kujawsko-pomorskie Chełmno
75%
Zachodniopomorskie Choszczno
75%
Śląskie Cieszyn
75%
Wielkopolskie Dąbie
75%
Zachodniopomorskie Dębno
75%
Pomorskie Debrzno
75%
Zachodniopomorskie Drawno
75%
Zachodniopomorskie Drawsko Pomorskie
75%
Podlaskie Drohiczyn
75%
Łódzkie Działoszyn
75%
Łódzkie Głowno
75%
Wielkopolskie Gniezno
75%
Kujawsko-pomorskie Golub-Dobrzyń
75%
Warmińsko-mazurskie Górowo Iławeckie
75%
Kujawsko-pomorskie Górzno
75%
Zachodniopomorskie Gościno
75%
Wielkopolskie Gostyń
75%
Zachodniopomorskie Gryfino
75%
Kujawsko-pomorskie Jabłonowo Pomorskie
75%
Wielkopolskie Jastrowie
75%
Śląskie Jaworzno
75%
Mazowieckie Kałuszyn
75%
Zachodniopomorskie Karlino
75%
Dolnośląskie Kąty Wrocławskie
75%
Wielkopolskie Kępno
75%
Warmińsko-mazurskie Kętrzyn
75%
Podlaskie Knyszyn
75%
Podlaskie Kolno
75%
Opolskie Kolonowskie
75%
Świętokrzyskie Końskie
75%
Wielkopolskie Kostrzyn
75%
Kujawsko-pomorskie Kowalewo Pomorskie
75%
Podkarpackie Krosno
75%
Lubuskie Krosno Odrzańskie
75%
Wielkopolskie Krotoszyn
75%
Łódzkie Kutno
75%
Pomorskie Kwidzyn
75%
Kujawsko-pomorskie Łabiszyn
75%
Wielkopolskie Leszno
75%
Kujawsko-pomorskie Lipno
75%
Świętokrzyskie Łopuszno
75%
Wielkopolskie Miasteczko Krajeńskie
75%
Śląskie Miasteczko Śląskie
75%
Dolnośląskie Międzylesie
75%
Zachodniopomorskie Mielno
75%
Warmińsko-mazurskie Miłomłyn
75%
Kujawsko-pomorskie Mogilno
75%
Zachodniopomorskie Moryń
75%
Warmińsko-mazurskie Nowe Miasto Lubawskie
75%
Zachodniopomorskie Nowe Warpno
75%
Świętokrzyskie Nowy Korczyn
75%
Dolnośląskie Oborniki Śląskie
75%
Opolskie Olesno
75%
Warmińsko-mazurskie | Śląskie Olsztyn
75%
Łódzkie Opoczno
75%
Lubelskie Opole Lubelskie
75%
Lubuskie Ośno Lubuskie
75%
Lubuskie Otyń
75%
Łódzkie Pajęczno
75%
Mazowieckie Piaseczno
75%
Śląskie Piekary Śląskie
75%
Warmińsko-mazurskie Pieniężno
75%
Podkarpackie Pilzno
75%
Podkarpackie Radymno
75%
Wielkopolskie Rogoźno
75%
Warmińsko-mazurskie Ryn
75%
Kujawsko-pomorskie Sępólno Krajeńskie
75%
Śląskie Siemianowice Śląskie
75%
Mazowieckie Sienno
75%
Zachodniopomorskie Sławno
75%
Wielkopolskie Sompolno
75%
Wielkopolskie Stawiszyn
75%
Dolnośląskie Stronie Śląskie
75%
Lubuskie Strzelce Krajeńskie
75%
Opolskie Strzelce Opolskie
75%
Kujawsko-pomorskie Strzelno
75%
Kujawsko-pomorskie Świecie
75%
Zachodniopomorskie Świnoujście
75%
Lubelskie Szczebrzeszyn
75%
Podlaskie Szczuczyn
75%
Warmińsko-mazurskie Szczytno
75%
Mazowieckie Tarczyn
75%
Wielkopolskie Trzemeszno
75%
Zachodniopomorskie Tuczno
75%
Łódzkie Tuszyn
75%
Podkarpackie Tyczyn
75%
Wielkopolskie Ujście
75%
Kujawsko-pomorskie Wąbrzeźno
75%
Zachodniopomorskie Węgorzyno
75%
Opolskie Wołczyn
75%
Wielkopolskie Wolsztyn
75%
Podlaskie Wysokie Mazowieckie
75%
Dolnośląskie Ząbkowice Śląskie
75%
Małopolskie Żabno
75%
Małopolskie Zakliczyn
75%
Opolskie Zawadzkie
75%
Śląskie Zawiercie
75%
Wielkopolskie Zbąszyń
75%
Kujawsko-pomorskie Brodnica
74%
Śląskie Bytom
74%
Podkarpackie Dębica
74%
Wielkopolskie Dobrzyca
74%
Łódzkie Drzewica
74%
Dolnośląskie Głuszyca
74%
Lubuskie Gozdnica
74%
Lubelskie Izbica
74%
Pomorskie Kobylnica
74%
Świętokrzyskie Koprzywnica
74%
Kujawsko-pomorskie Kruszwica
74%
Łódzkie Łęczyca
74%
Dolnośląskie Legnica
74%
Lubuskie Łęknica
74%
Opolskie Leśnica
74%
Wielkopolskie Łobżenica
74%
Mazowieckie Mogielnica
74%
Świętokrzyskie Morawica
74%
Warmińsko-mazurskie Nidzica
74%
Mazowieckie Nowe Miasto nad Pilicą
74%
Dolnośląskie | Świętokrzyskie Oleśnica
74%
Wielkopolskie Opalenica
74%
Świętokrzyskie Pierzchnica
74%
Śląskie Pilica
74%
Mazowieckie Radom
74%
Mazowieckie Siennica
74%
Wielkopolskie Słupca
74%
Zachodniopomorskie Stepnica
74%
Świętokrzyskie Stopnica
74%
Dolnośląskie Strzegom
74%
Dolnośląskie Świdnica
74%
Małopolskie Szczawnica
74%
Dolnośląskie Trzebnica
74%
Lubelskie Wąwolnica
74%
Świętokrzyskie Wiślica
74%
Lubuskie Witnica
74%
Małopolskie Wolbrom
74%
Pomorskie Czarne
73%
Podlaskie Jedwabne
73%
Śląskie Łaziska Górne
73%
Małopolskie Świątniki Górne
73%
Podkarpackie Ustrzyki Dolne
73%
Małopolskie Zakopane
73%
Małopolskie Brzesko
72%
Zachodniopomorskie Chociwel
72%
Lubuskie Drezdenko
72%
Podkarpackie Dubiecko
72%
Warmińsko-mazurskie Giżycko
72%
Pomorskie Hel
72%
Zachodniopomorskie Ińsko
72%
Mazowieckie Jedlnia-Letnisko
72%
Wielkopolskie Kłecko
72%
Dolnośląskie Kłodzko
72%
Podkarpackie Lesko
72%
Mazowieckie Lipsko
72%
Lubuskie Lubsko
72%
Pomorskie Miastko
72%
Wielkopolskie Mieścisko
72%
Podkarpackie Nisko
72%
Małopolskie Nowe Brzesko
72%
Lubuskie Nowe Miasteczko
72%
Wielkopolskie Obrzycko
72%
Warmińsko-mazurskie Olecko
72%
Łódzkie Radomsko
72%
Zachodniopomorskie Resko
72%
Warmińsko-mazurskie Reszel
72%
Wielkopolskie Śmigiel
72%
Warmińsko-mazurskie Tolkmicko
72%
Lubuskie Trzciel
72%
Opolskie Byczyna
71%
Zachodniopomorskie Chojna
71%
Wielkopolskie Golina
71%
Wielkopolskie Grabów nad Prosną
71%
Mazowieckie Konstancin-Jeziorna
71%
Pomorskie Kościerzyna
71%
Lubelskie Łęczna
71%
Dolnośląskie Leśna
71%
Mazowieckie Małkinia Górna
71%
Wielkopolskie Mosina
71%
Małopolskie Mszana Dolna
71%
Wielkopolskie Murowana Goślina
71%
Małopolskie Muszyna
71%
Podkarpackie Nowa Sarzyna
71%
Dolnośląskie Olszyna
71%
Wielkopolskie Osieczna
71%
Dolnośląskie Piława Górna
71%
Mazowieckie Podkowa Leśna
71%
Śląskie Pszczyna
71%
Wielkopolskie Rydzyna
71%
Świętokrzyskie Skarżysko-Kamienna
71%
Małopolskie Skawina
71%
Lubuskie Skwierzyna
71%
Dolnośląskie Szczytna
71%
Pomorskie Sopot
70%
Podkarpackie Bircza
69%
Warmińsko-mazurskie Biskupiec
69%
Dolnośląskie | Łódzkie Bolesławiec
69%
Kujawsko-pomorskie Chełmża
69%
Podlaskie Ciechanowiec
69%
Małopolskie Czarny Dunajec
69%
Śląskie Dąbrowa Górnicza
69%
Mazowieckie Grójec
69%
Mazowieckie Iłża
69%
Podlaskie Łomża
69%
Śląskie Lubliniec
69%
Kujawsko-pomorskie Lubraniec
69%
Podkarpackie Mielec
69%
Zachodniopomorskie Mirosławiec
69%
Kujawsko-pomorskie Mrocza
69%
Mazowieckie Myszyniec
69%
Dolnośląskie Niemcza
69%
Dolnośląskie Nowogrodziec
69%
Śląskie Ogrodzieniec
69%
Świętokrzyskie Opatowiec
69%
Świętokrzyskie Połaniec
69%
Wielkopolskie Poniec
69%
Lubelskie Rejowiec
69%
Łódzkie Rozprza
69%
Śląskie Sosnowiec
69%
Mazowieckie Szydłowiec
69%
Wielkopolskie Wągrowiec
69%
Dolnośląskie Węgliniec
69%
Dolnośląskie Zgorzelec
69%
Zachodniopomorskie Złocieniec
69%
Lubelskie Zwierzyniec
69%
Śląskie Żywiec
69%
Zachodniopomorskie Barlinek
67%
Warmińsko-mazurskie Bisztynek
67%
Opolskie Brzeg
67%
Podkarpackie Brzostek
67%
Małopolskie Chełmek
67%
Kujawsko-pomorskie Ciechocinek
67%
Zachodniopomorskie Czaplinek
67%
Warmińsko-mazurskie Elbląg
67%
Opolskie Głogówek
67%
Zachodniopomorskie Kołobrzeg
67%
Wielkopolskie Koźminek
67%
Wielkopolskie Lwówek
67%
Mazowieckie Milanówek
67%
Warmińsko-mazurskie Morąg
67%
Wielkopolskie Okonek
67%
Warmińsko-mazurskie Olsztynek
67%
Wielkopolskie Opatówek
67%
Świętokrzyskie Osiek
67%
Opolskie Ozimek
67%
Warmińsko-mazurskie Pasłęk
67%
Łódzkie Piątek
67%
Mazowieckie Sulejówek
67%
Łódzkie Szadek
67%
Zachodniopomorskie Szczecinek
67%
Podkarpackie Tarnobrzeg
67%
Śląskie Toszek
67%
Wielkopolskie Turek
67%
Kujawsko-pomorskie Włocławek
67%
Lubuskie Zbąszynek
67%
Podkarpackie Jasło
63%
Wielkopolskie Koło
63%
Pomorskie Czarna Woda
61%
Opolskie Kietrz
61%
Dolnośląskie Lubomierz
61%
Dolnośląskie Międzybórz
61%
Zachodniopomorskie Myślibórz
61%
Dolnośląskie Nowa Ruda
61%
Warmińsko-mazurskie Ostróda
61%
Łódzkie Przedbórz
61%
Śląskie Racibórz
61%
Pomorskie Reda
61%
Warmińsko-mazurskie Ruciane-Nida
61%
Świętokrzyskie Sandomierz
61%
Śląskie Siewierz
61%
Świętokrzyskie Skalbmierz
61%
Łódzkie Wolbórz
61%
Podkarpackie Zagórz
61%
Łódzkie Zgierz
61%
Świętokrzyskie Chmielnik
59%
Mazowieckie Glinojeck
59%
Śląskie Kłobuck
59%
Lubelskie Kock
59%
Wielkopolskie Kórnik
59%
Lubelskie Kraśnik
59%
Mazowieckie Osieck
59%
Mazowieckie Otwock
59%
Mazowieckie Płock
59%
Podkarpackie Pruchnik
59%
Opolskie Prudnik
59%
Pomorskie Puck
59%
Śląskie Rybnik
59%
Mazowieckie Serock
59%
Lubelskie Świdnik
59%
Świętokrzyskie Wąchock
59%
Małopolskie Brzeszcze
58%
Podkarpackie Jedlicze
58%
Warmińsko-mazurskie Korsze
58%
Pomorskie Łeba
58%
Podkarpackie Nowa Dęba
58%
Opolskie Nysa
58%
Śląskie Orzesze
58%
Śląskie Poręba
58%
Lubelskie Siedliszcze
58%
Podlaskie Siemiatycze
58%
Dolnośląskie Szklarska Poręba
58%
Śląskie Zabrze
58%
Podlaskie Czyżew
56%
Lubuskie Dobiegniew
56%
Pomorskie Gniew
56%
Mazowieckie Karczew
56%
Wielkopolskie Kleczew
56%
Mazowieckie Łaskarzew
56%
Mazowieckie Magnuszew
56%
Lubelskie Parczew
56%
Łódzkie Parzęczew
56%
Wielkopolskie Pleszew
56%
Mazowieckie Skaryszew
56%
Mazowieckie Sochaczew
56%
Wielkopolskie Stęszew
56%
Pomorskie Tczew
56%
Łódzkie Złoczew
56%
Lubelskie Annopol
55%
Lubelskie Frampol
55%
Kujawsko-pomorskie Kikół
55%
Śląskie Koniecpol
55%
Podkarpackie Narol
55%
Lubuskie Nowa Sól
55%
Mazowieckie Odrzywół
55%
Warmińsko-mazurskie Sępopol
55%
Lubelskie Terespol
55%
Wielkopolskie Kaczory
54%
Dolnośląskie Kowary
54%
Śląskie Koziegłowy
54%
Warmińsko-mazurskie Młynary
54%
Wielkopolskie Pniewy
54%
Lubelskie Puławy
54%
Wielkopolskie Pyzdry
54%
Śląskie Rydułtowy
54%
Pomorskie Skarszewy
54%
Śląskie Tarnowskie Góry
54%
Lubuskie Żary
54%
Śląskie Żory
54%
Pomorskie Dzierzgoń
53%
Wielkopolskie Luboń
53%
Wielkopolskie Nowy Tomyśl
53%
Podkarpackie Przemyśl
53%
Podlaskie Supraśl
53%
Śląskie Ustroń
53%
Wielkopolskie Zaniemyśl
53%
Świętokrzyskie Busko-Zdrój
52%
Dolnośląskie Duszniki-Zdrój
52%
Podkarpackie Iwonicz-Zdrój
52%
Śląskie Jastrzębie-Zdrój
52%
Dolnośląskie Jedlina-Zdrój
52%
Małopolskie Krynica-Zdrój
52%
Dolnośląskie Kudowa-Zdrój
52%
Dolnośląskie Lądek-Zdrój
52%
Małopolskie Piwniczna-Zdrój
52%
Dolnośląskie Polanica-Zdrój
52%
Zachodniopomorskie Połczyn-Zdrój
52%
Małopolskie Rabka-Zdrój
52%
Dolnośląskie Świeradów-Zdrój
52%
Dolnośląskie Szczawno-Zdrój
52%
Zachodniopomorskie Trzcińsko-Zdrój
52%
Dolnośląskie Brzeg Dolny
50%
Łódzkie Brzeziny
50%
Świętokrzyskie Chęciny
50%
Śląskie Czerwionka-Leszczyny
50%
Zachodniopomorskie Dobrzany
50%
Warmińsko-mazurskie Frombork
50%
Warmińsko-mazurskie Jeziorany
50%
Lubelskie Kazimierz Dolny
50%
Opolskie Kluczbork
50%
Pomorskie Lębork
50%
Śląskie Lędziny
50%
Warmińsko-mazurskie Lidzbark
50%
Zachodniopomorskie Lipiany
50%
Pomorskie Malbork
50%
Kujawsko-pomorskie Nowe
50%
Warmińsko-mazurskie Orneta
50%
Kujawsko-pomorskie Pakość
50%
Lubelskie Rejowiec Fabryczny
50%
Podlaskie Sejny
50%
Śląskie Szczekociny
50%
Śląskie Szczyrk
50%
Łódzkie Warta
50%
Kujawsko-pomorskie Więcbork
50%
Warmińsko-mazurskie Wielbark
50%
Lubelskie Zamość
50%
Wielkopolskie Zduny
50%
Warmińsko-mazurskie Ełk
49%
Warmińsko-mazurskie Gołdap
49%
Zachodniopomorskie Człopa
47%
Dolnośląskie Wałbrzych
47%
Dolnośląskie Złotoryja
46%
Opolskie Dobrodzień
45%
Lubuskie Jasień
45%
Śląskie Strumień
45%
Wielkopolskie Wieleń
45%
Dolnośląskie Wleń
45%
Mazowieckie Zwoleń
45%
Mazowieckie Dobre
44%
Małopolskie Oświęcim
44%
Zachodniopomorskie Biały Bór
43%
Lubelskie Chełm
43%
Dolnośląskie Jawor
43%
Śląskie Kalety
43%
Małopolskie Kęty
43%
Kujawsko-pomorskie Kowal
43%
Zachodniopomorskie Płoty
43%
Pomorskie Prabuty
43%
Wielkopolskie Rychtal
43%
Wielkopolskie Rychwał
43%
Małopolskie Zator
43%
Lubelskie Biłgoraj
42%
Lubelskie Goraj
42%
Podkarpackie Kańczuga
42%
Śląskie Tychy
42%
Opolskie Głuchołazy
41%
Pomorskie Kartuzy
41%
Śląskie Łazy
41%
Małopolskie Libiąż
41%
Mazowieckie Mrozy
41%
Mazowieckie Raciąż
41%
Podkarpackie Rudnik nad Sanem
41%
Wielkopolskie Śrem
41%
Podlaskie Suraż
41%
Warmińsko-mazurskie Dobre Miasto
40%
Lubelskie Krasnobród
40%
Wielkopolskie Międzychód
40%
Mazowieckie Nowe Miasto
40%
Podlaskie Nowogród
40%
Podlaskie Rajgród
40%
Lubelskie Tarnogród
40%
Mazowieckie Wyszogród
40%
Dolnośląskie Żmigród
40%
Mazowieckie Przysucha
39%
Małopolskie Nowy Targ
38%
Lubelskie Piszczac
38%
Zachodniopomorskie Międzyzdroje
37%
Zachodniopomorskie Białogard
36%
Mazowieckie Jastrząb
36%
Wielkopolskie Mikstat
36%
Zachodniopomorskie Nowogard
36%
Zachodniopomorskie Stargard
36%
Wielkopolskie Chodzież
35%
Zachodniopomorskie Łobez
35%
Dolnośląskie Bardo
34%
Podlaskie Łapy
33%
Kujawsko-pomorskie Skępe
33%
Wielkopolskie Szamotuły
32%
Podkarpackie Łańcut
31%
Wielkopolskie Ostroróg
30%
Pomorskie Sztum
30%
Lubuskie Brody
29%
Mazowieckie Mordy
29%
Mazowieckie Staroźreby
29%
Pomorskie Brusy
28%
Wielkopolskie Buk
28%
Warmińsko-mazurskie Pasym
26%
Lubuskie Torzym
26%
Mazowieckie Zakroczym
26%
Mazowieckie Białobrzegi
24%
Mazowieckie Przytyk
22%
Lubuskie Babimost
17%
Mazowieckie Sierpc
17%
Świętokrzyskie Zawichost
17%
Opolskie | Łódzkie Ujazd
10%
Nie znaleziono quizów pasujących do podanych kryteriów
Rozkład punktacji
Procent ludzi z każdym wynikiem
Percentyl według liczby udzielonych odpowiedzi
Twoja historia wyników
Nie rozwiązałeś tego quizu od ostatniego zresetowania